000 00556nam a2200193Ia 4500
005 20250923145441.0
008 008 250917s9999 xx 000 0 eng d
037 _aTextual
040 _aDSWL
_beng
_cDSWL
041 _aeng
_2eng
084 _aYt
_qDSWL
245 0 _aStruggle for Equal Opportunity : Strategies for Social Welfare Action
_c by I.C.S.W.
260 _aNew York
_b Columbia University Press
_c1977
300 _aviii,252 p.
365 _aINR
_b179.35
925 _g179.35
942 _cTEXL
_hYt
999 _c1451503
_d1451503